[Event "Chigorin mem"]
[Site "St. Petersburg"]
[Date "1998.10.31"]
[Round "1"]
[White "Tunik, Gennady"]
[Black "Nikanorov, Andrej"]
[Result "1-0"]
[WhiteElo "2480"]
[BlackElo "2265"]

1.d4 Nf6 2.c4 e6 3.Nf3 b6 4.g3 Ba6 5.b3 Bb4+ 6.Bd2 Be7 7.Nc3 d5 8.cxd5 exd5
9.Bg2 c5 10.O-O Nc6 11.dxc5 bxc5 12.Bg5 O-O 13.Rc1 Re8 14.Re1 d4 15.Bxf6 gxf6
16.Na4 c4 17.bxc4 Ba3 18.Rc2 Qa5 19.Nb2 Rac8 20.Nd3 Ne5 21.Nfxe5 fxe5 22.Bd5 e4
23.Nf4 Re5 24.Rf1 Bc5 25.Rb2 Rce8 26.Kg2 Bc8 27.f3 exf3+ 28.Bxf3 Qc3 29.Qb3 Bf5
30.Nd5 Qxb3 31.axb3 Kg7 32.b4 Rb8 33.Ra1 d3 34.Rd2 Bxb4 35.Nxb4 Rxb4 36.exd3 a5
37.d4 Re3 38.Rxa5 Be4 39.Bxe4 Rxe4 40.Rc5 Re7 41.d5 Re1 42.d6 Rbb1 43.d7  1-0

[Event "Najdorf op"]
[Site "Buenos Aires"]
[Date "1998.11.01"]
[Round "9"]
[White "Auciello, Sergio"]
[Black "Zarnicki, Pablo"]
[Result "1/2-1/2"]
[WhiteElo "2390"]
[BlackElo "2515"]

1.d4 Nf6 2.Nf3 e6 3.c4 b6 4.g3 Ba6 5.Nbd2 Bb4 6.Qc2 c5 7.Bg2 Nc6 8.dxc5 bxc5
9.O-O O-O 10.Rd1 Qe7 11.Qa4 Bb7 12.Ne5 Nxe5 13.Bxb7 Rab8 14.Bg2 d5 15.cxd5 exd5
16.Nf3 Nxf3+ 17.Bxf3 c4 18.Bf4 Rbd8 19.Be3 Bc5 20.Bd4 Rb8 21.Qc2 Rfc8 22.Bc3 Ne4
23.Bxe4 dxe4 24.Rd5 e3 25.f3 Bb4 26.Be5 Rb6 27.Qf5 Re6 28.Qg4 g6 29.f4 c3
30.bxc3 Bxc3 31.Rad1 h5 32.Qh3 Bxe5 33.Rxe5 Rc2 34.Rxe6 Qxe6 35.Qxe6 fxe6
36.Kf1 Rxa2 37.Rd3 Kf7 38.Rxe3 a5 39.Rc3 a4 40.Rc8 a3 41.Ra8 Kf6 42.Kf2 Ra1
43.h3  1/2-1/2

[Event "DEN-chT 9899"]
[Site "Denmark"]
[Date "1998.11.01"]
[Round "1"]
[White "Johansen, Morten"]
[Black "Nilssen, John Arni"]
[Result "1/2-1/2"]
[WhiteElo "2285"]
[BlackElo "2305"]

1.d4 Nf6 2.c4 e6 3.Nf3 b6 4.g3 Ba6 5.b3 Bb4+ 6.Bd2 Be7 7.Nc3 Bb7 8.Bg2 O-O
9.O-O c5 10.Qc2 cxd4 11.Nxd4 Bxg2 12.Kxg2 Qc7 13.Qd3 Na6 14.Ndb5 Qc6+ 15.Qf3 Rfd8
16.Bf4 Qxf3+ 17.Kxf3 d5 18.cxd5 Nxd5 19.Nxd5 Rxd5 20.a4 Rd7 21.a5 Bf6 22.Ra2 Nb4
23.Ra4 bxa5 24.Rxa5 Nc6 25.Ra6 Rb7 26.Rxc6 Rxb5 27.Rfc1 Rxb3+ 28.Kg4 h5+
29.Kxh5 a5 30.Rc8+ Rxc8 31.Rxc8+ Kh7 32.Ra8 Rb4 33.Rxa5 g6+ 34.Kg4 e5 35.e3 exf4
36.gxf4 Rb2 37.Kg3 Kg7 38.Rd5 Bc3 39.Rd1 Bb4 40.Kf3 Kf6 41.Rg1 Rc2 42.Rb1 Bc3
43.Rg1 Bb2 44.Rg5 Kg7 45.Rb5 Bf6 46.Kg3 Rc1 47.Kg2 Bh4 48.Rb2 Rc5 49.Ra2 Bd8
50.Rd2 Bc7 51.h3 Ba5 52.Rb2 Bc3 53.Ra2 Rb5 54.Rc2 Bf6 55.Kg3 Rb1 56.Rd2 Rb2
57.Rd1 Kh6 58.Rc1 Kh5 59.Rc5+ Kh6 60.Rc1 Rd2 61.Rc7 Kg7 62.Rc5 Bd8 63.Rb5 f5
64.Rc5 Kh6 65.Rc8 Kg7 66.Rc6 Kf7 67.Ra6 Be7 68.Rb6 Rd6 69.Rb5 Ke6 70.Ra5 Bd8
71.Rb5 Kd7 72.Rc5 Bf6 73.Rc2 Ke6 74.Rc5 Rb6 75.Rc8 Kd5 76.Kf3 Rc6 77.Rg8 Be7
78.Rg7 Bb4 79.Rd7+ Kc4 80.h4 Rf6  1/2-1/2

[Event "Chigorin mem"]
[Site "St. Petersburg"]
[Date "1998.11.01"]
[Round "2"]
[White "Ignatiev, Alexander"]
[Black "Aseev, Konstantin N"]
[Result "1-0"]
[WhiteElo "2285"]
[BlackElo "2525"]

1.d4 Nf6 2.c4 e6 3.Nf3 b6 4.g3 Ba6 5.b3 Bb4+ 6.Bd2 Be7 7.Bg2 d5 8.cxd5 exd5
9.O-O O-O 10.Nc3 Bb7 11.Rc1 Na6 12.Bf4 Qd7 13.Qc2 Rfd8 14.Qb1 c5 15.Rfd1 h6
16.Be5 Qe6 17.Nb5 Ne4 18.Nd2 Bc6 19.Nxe4 dxe4 20.Nc3 f5 21.g4 g6 22.e3 cxd4
23.Bxd4 Nb4 24.Ne2 Rac8 25.Nf4 Qf7 26.gxf5 gxf5 27.Kh1 Bg5 28.a3 Nd5 29.Nxd5 Bxd5
30.b4 Bc4 31.Ba1 Kh7 32.Qb2 Rxd1+ 33.Rxd1 Bd3 34.Bh3  1-0

[Event "Chigorin mem"]
[Site "St. Petersburg"]
[Date "1998.11.02"]
[Round "3"]
[White "Tunik, Gennady"]
[Black "Ionov, Sergey"]
[Result "1-0"]
[WhiteElo "2480"]
[BlackElo "2545"]

1.d4 Nf6 2.c4 e6 3.Nf3 b6 4.g3 Ba6 5.b3 Bb4+ 6.Bd2 Be7 7.Nc3 Bb7 8.Bg2 d5
9.cxd5 exd5 10.O-O O-O 11.Qc2 Na6 12.Rad1 Qc8 13.Bg5 h6 14.Bxf6 Bxf6 15.Ne5 Rd8
16.e4 Nb4 17.Qb1 c5 18.Nxd5 Nxd5 19.exd5 Bxd5 20.Bxd5 Rxd5 21.Qe4 Qd8 22.Qf3 Bxe5
23.dxe5 Rxd1 24.Rxd1 Qe8 25.Rd6 Rc8 26.Qb7 c4 27.e6 fxe6 28.Rd7 cxb3 29.Rxg7+ Kf8
30.axb3 Rc1+ 31.Kg2 Qc6+ 32.Qxc6 Rxc6 33.Rxa7 Rc3 34.Rh7 Rxb3 35.Rxh6 Kf7
36.g4 b5 37.h4 b4 38.Rh7+ Kg6 39.Rb7 Rb1 40.Rb5 b3 41.f4 Rb2+ 42.Kg3 Rb1
43.h5+ Kh6 44.Rb6 b2 45.Kg2  1-0

[Event "GER-ch"]
[Site "Bremen"]
[Date "1998.11.07"]
[Round "2"]
[White "Hertneck, Gerald"]
[Black "Enders, Peter"]
[Result "0-1"]
[WhiteElo "2555"]
[BlackElo "2485"]

1.d4 Nf6 2.c4 e6 3.Nf3 b6 4.g3 Ba6 5.b3 Bb4+ 6.Bd2 Be7 7.Bg2 d5 8.cxd5 exd5
9.O-O O-O 10.Re1 Bb7 11.Bf4 Na6 12.a3 c5 13.Ra2 Nc7 14.dxc5 bxc5 15.e3 Ne6
16.Be5 Qb6 17.Nh4 g6 18.Bxf6 Bxf6 19.Bxd5 Bxd5 20.Qxd5 Rad8 21.Qc4 Qb7 22.Nd2 Ng5
23.e4 Rd4 24.Qxc5 Rc8 25.Qa5 Ne6 26.b4 Bxh4 27.gxh4 Rcd8 28.b5 Nf4 29.Nf1 Nh3+
30.Kg2 Rxe4 31.Kg3 Rg4+  0-1

[Event "ISR-ch"]
[Site "Ramat Aviv"]
[Date "1998.11.08"]
[Round "1.2"]
[White "Greenfeld, Alon"]
[Black "Krays, Alexander"]
[Result "1/2-1/2"]
[WhiteElo "2535"]
[BlackElo "2375"]

1.d4 Nf6 2.c4 e6 3.Nf3 b6 4.g3 Ba6 5.Nbd2 c5 6.Bg2 Bb7 7.e4 cxd4 8.O-O d6
9.Nxd4 Nbd7 10.a4 Nc5 11.a5 bxa5 12.N4b3 Nxb3 13.Qxb3 Bc6 14.Qc3 Be7 15.Qxa5 Qxa5
16.Rxa5 Bd8 17.Ra2 a5 18.b3 Bb6 19.Ba3 Kd7 20.Rc1 Rhc8 21.c5 dxc5 22.Bxc5 Bb5
23.Rac2 Rab8 24.Bxb6 Rxc2 25.Rxc2 Rxb6 26.Ra2 Ra6 27.Bf1 Bxf1 28.Kxf1 Kc6
29.Ra4 Kb5 30.Nc4 Nd7 31.Na3+ Kb6 32.Nc4+  1/2-1/2

[Event "Budapest FS11 IM-B"]
[Site "Budapest"]
[Date "1998.11.11"]
[Round "5"]
[White "Sulskis, Giedrius"]
[Black "Csonkics, Tunde"]
[Result "1-0"]
[WhiteElo "2235"]
[BlackElo "2225"]

1.d4 Nf6 2.Nf3 e6 3.c4 b6 4.g3 Ba6 5.b3 Bb4+ 6.Bd2 Be7 7.Bg2 Bb7 8.Nc3 d5
9.Qc2 O-O 10.cxd5 exd5 11.O-O Na6 12.Bf4 c6 13.a3 Nc7 14.b4 Ne6 15.Be5 Nd7
16.Rfd1 Qe8 17.e4 f6 18.exd5 cxd5 19.Bh3 Bxb4 20.axb4 fxe5 21.Bxe6+ Qxe6
22.Qxh7+ Kxh7 23.Ng5+ Kg8 24.Nxe6 Rfc8 25.Nb5 a6 26.Nbc7 Rab8 27.Nxa6 Bxa6
28.Rxa6 exd4 29.Ra7 Ne5 30.Rxg7+ Kh8 31.Re7 d3 32.Kg2 Nc6 33.Rd7 Nxb4 34.Nf4 Rc2
35.Re1 Nc6 36.Nxd3  1-0

[Event "SLO-chT"]
[Site "Bled"]
[Date "1998.11.13"]
[Round "7"]
[White "Farago, Ivan"]
[Black "Grosar, Aljosa"]
[Result "1/2-1/2"]
[WhiteElo "2530"]
[BlackElo "2450"]

1.d4 Nf6 2.c4 e6 3.Nf3 b6 4.g3 Ba6 5.b3 Bb4+ 6.Bd2 Be7 7.Bg2 c6 8.Bc3 d5
9.Ne5 Nbd7 10.Nxd7 Nxd7 11.Nd2  1/2-1/2

[Event "SVK-chT2A 9899"]
[Site "SVK"]
[Date "1998.11.15"]
[Round "4"]
[White "Puchart, Vladimir"]
[Black "Sukuba, Zdenek"]
[Result "1-0"]
[WhiteElo "2002"]
[BlackElo "2110"]

1.d4 Nf6 2.c4 e6 3.Nf3 b6 4.g3 Ba6 5.b3 c6 6.Bg2 Be7 7.O-O O-O 8.Ne5 Qc8
9.Nc3 d6 10.Nd3 d5 11.cxd5 cxd5 12.Bb2 Nc6 13.Rc1 Qd7 14.Ne5 Nxe5 15.dxe5 Ng4
16.Re1 Bc5 17.e3 f5 18.Nxd5 exd5 19.Bxd5+ Kh8 20.Bxa8 Qxd1 21.Rexd1 Rxa8
22.Rd7 Bb5 23.Rc7 Re8 24.a4 Be2 25.b4 Bf8 26.Rc8 Rxc8 27.Rxc8 Kg8 28.e6 Ba6
29.Rb8 Nf6 30.Bxf6 gxf6 31.e7  1-0

[Event "BL2-O9899"]
[Site "Germany"]
[Date "1998.11.22"]
[Round "2.6"]
[White "Neidhardt, Claus Ulrich"]
[Black "Fischer, Johannes"]
[Result "1-0"]
[WhiteElo "2405"]
[BlackElo "2335"]

1.d4 e6 2.Nf3 Nf6 3.c4 b6 4.g3 Ba6 5.b3 Bb4+ 6.Bd2 Be7 7.Bg2 d5 8.Ne5 O-O
9.O-O c6 10.Bc3 Nfd7 11.Nxd7 Nxd7 12.Nd2 b5 13.Rc1 dxc4 14.bxc4 Rc8 15.c5 e5
16.Nb3 exd4 17.Bxd4 b4 18.Qd2 Bg5 19.f4 Bf6 20.Rfe1 Re8 21.e3 Bxd4 22.Qxd4 Nf6
23.Qxb4 Nd5 24.Qd4 Rb8 25.Rcd1 Qc7 26.e4 Nb4 27.Qd7 Qxd7 28.Rxd7 Bc4 29.Red1 Bxb3
30.axb3 Na6 31.Rc1 Rxb3 32.Rxa7 Nb4 33.Rb7 g5 34.Rc4 Rb1+ 35.Bf1 gxf4 36.Rcxb4 Re1
37.Rb8  1-0

[Event "BL2-W9899"]
[Site "Germany"]
[Date "1998.11.22"]
[Round "2.7"]
[White "Berg, Michael"]
[Black "Berend, Fred"]
[Result "0-1"]
[WhiteElo "2265"]
[BlackElo "2350"]

1.d4 Nf6 2.c4 e6 3.Nf3 b6 4.g3 Ba6 5.b3 Bb7 6.Bg2 Bb4+ 7.Bd2 Be7 8.Nc3 O-O
9.O-O d6 10.Qc2 c5 11.d5 exd5 12.cxd5 Na6 13.e4 Nb4 14.Qb2 Ba6 15.Rfd1 Ng4
16.Ne1 Bf6 17.h3 Nxf2  0-1

[Event "Owens Corning"]
[Site "Wrexham"]
[Date "1998.11.22"]
[Round "5"]
[White "Martinovsky, Eugene"]
[Black "Dineley, Richard"]
[Result "1-0"]
[WhiteElo "2365"]
[BlackElo "2275"]

1.d4 Nf6 2.Nf3 e6 3.c4 b6 4.g3 Ba6 5.b3 Bb4+ 6.Bd2 Be7 7.Bg2 Bb7 8.O-O O-O
9.Bc3 d5 10.cxd5 exd5 11.Ne5 Na6 12.Nd2 h6 13.e3 c5 14.Qc1 Nc7 15.dxc5 bxc5
16.Re1 Nb5 17.Bb2 Nd6 18.Qc2 Qb6 19.Rac1 Rac8 20.Nd3 c4 21.Nf4 cxb3 22.Qxb3 Nde4
23.Nxe4 dxe4 24.Ng6 Bc5 25.Nxf8 Rxf8 26.Rxc5  1-0

[Event "Wch U20"]
[Site "Calicut"]
[Date "1998.11.30"]
[Round "13"]
[White "Halkias, Stelios"]
[Black "Salazar, Juan Fernand"]
[Result "1-0"]
[WhiteElo "2435"]
[BlackElo "2150"]

1.d4 Nf6 2.c4 e6 3.Nf3 b6 4.g3 Ba6 5.Qb3 c5 6.d5 exd5 7.cxd5 g6 8.Nc3 Bg7
9.Bg2 d6 10.Bf4 O-O 11.O-O Re8 12.Rfe1 Ne4 13.Qc2 Nxc3 14.bxc3 Qc7 15.Ng5 Nd7
16.Ne4 Ne5 17.Qa4 Bb7 18.Rad1 a6 19.Qc2 b5 20.g4 Bc8 21.h3 Rb8 22.Qc1 b4
23.Bh6 f5 24.Bxg7 Kxg7 25.gxf5 Bxf5 26.Ng3 Bd7 27.f4 Nf7 28.Qa1 Kg8 29.c4 Qd8
30.Rd3 Qh4 31.Rf1 Bxh3 32.Bxh3 Qxh3 33.Ne4 Qxf1+ 34.Kxf1 Rxe4 35.Qf6 Rf8
36.Rf3 Rxc4 37.f5 g5 38.Qe6 Rh4 39.Rg3 Rf4+ 40.Ke1 Kg7 41.e3 Rc4 42.Qe7 Kg8
43.f6 h6 44.Rh3 Rh4 45.Rxh4 gxh4 46.Qe4  1-0

[Event "NRW-Liga II 9899"]
[Site "GER"]
[Date "1998.12.03"]
[Round "3"]
[White "Bolik, Christian"]
[Black "Bickmann, Johannes"]
[Result "1/2-1/2"]
[WhiteElo "1973"]
[BlackElo "1785"]

1.d4 Nf6 2.c4 e6 3.Nf3 b6 4.g3 Ba6 5.b3 b5 6.Bg2 bxc4 7.Ne5 Bb4+ 8.Bd2 cxb3
9.axb3 Bxd2+ 10.Qxd2 c6 11.O-O O-O 12.Rc1 Qb6 13.Nc3 d5 14.Na4 Qb5 15.e3 Qe2
16.Qxe2 Bxe2 17.Nxc6 Nxc6 18.Rxc6 Rfb8 19.Nc5 a5 20.Bf1 Bxf1 21.Kxf1 Ne4
22.f3 Nd2+ 23.Ke2 Nxb3 24.Nxb3 Rxb3 25.Rxa5 Rab8 26.Rac5 g6 27.Rc8+ Rxc8
28.Rxc8+ Kg7 29.Kd2 Kf6  1/2-1/2

[Event "BL9899 (Women)"]
[Site "Germany"]
[Date "1998.12.05"]
[Round "5.4"]
[White "Mueller, Andrea"]
[Black "Seidemann, Ulrike"]
[Result "1/2-1/2"]
[WhiteElo "2140"]
[BlackElo "2075"]

1.d4 Nf6 2.c4 e6 3.Nf3 b6 4.g3 Ba6 5.Qc2 Bb4+ 6.Bd2 Be7 7.Bg2 d5 8.Ne5 O-O
9.Nc3 Bb7 10.O-O Na6 11.a3 c5 12.dxc5 bxc5 13.Rfd1 Qb6 14.Bg5 Rad8 15.Bxf6 Bxf6
16.Ng4 Bxc3 17.bxc3 Nc7 18.Rab1 Qa6 19.Ne5 f6 20.Nd3 Bc6 21.Nxc5 Qxc4 22.Nb3 Ba4
23.Rd4 Qa6 24.Qb2 Be8 25.Nc5 Qc6 26.Nd3 Nb5 27.Rb4 Nd6 28.Nf4 Bf7 29.Qc2 Rc8
30.R1b3 Nc4 31.a4 Na5 32.Rb2 Qxc3 33.Qxc3 Rxc3 34.Rb8 Rc1+ 35.Bf1 Rcc8 36.R8b5 Nc4
37.R2b4 Nd2 38.Bh3 f5 39.Nd3 Nc4 40.Rb7 a5 41.Rb1 Be8 42.Re7 Rf6 43.Rbb7 Bf7
44.Nf4 Kf8 45.Nd3 g5 46.f4 gxf4 47.gxf4 Bg8 48.Rec7 Rxc7 49.Rxc7 Rh6 50.Bg2 Rh4
51.Bf3 Bf7 52.Kg2 Rh6 53.Nc5 Ne3+ 54.Kf2 Nc4 55.Kg3 Rg6+ 56.Kf2 Be8 57.Rc8 Rh6
58.Kg3 Ke7 59.Ra8 Bc6 60.Ra7+ Kd6 61.Nb3 Bxa4 62.Nxa5 Nxa5 63.Rxa5 Bb3 64.h4 Rg6+
65.Kf2 h6 66.Bh5 Rf6 67.Ke3  1/2-1/2

[Event "BL9899 (Women)"]
[Site "Germany"]
[Date "1998.12.05"]
[Round "5.5"]
[White "Heinatz, Gundula"]
[Black "Muller, Anne"]
[Result "1-0"]
[WhiteElo "2205"]
[BlackElo "2115"]

1.d4 Nf6 2.c4 e6 3.Nf3 b6 4.g3 Ba6 5.Qa4 c5 6.Bg2 Bb7 7.dxc5 Bxc5 8.Nc3 O-O
9.O-O Be7 10.Rd1 d6 11.Bf4 a6 12.Qb3 Qc7 13.Rac1 Nbd7 14.Na4 Rac8 15.Qa3 Nc5
16.b4 Nxa4 17.Qxa4 e5 18.Bd2 Rfd8 19.Bh3 Ra8 20.Qb3 Bc8 21.Bg2 Rb8 22.Bg5 h6
23.Bxf6 Bxf6 24.Nd2 Bg4 25.Ne4 Bg5 26.Nxg5 hxg5 27.Qe3 Qe7 28.Bd5 Rdc8 29.Rc3 Rc7
30.Ra3 Ra7 31.Kg2 a5 32.b5 Rc7 33.Rad3 Rc5 34.Qe4 Qd7 35.Bc6 Bh3+ 36.Kg1 Qf5
37.Rxd6 Qxe4 38.Bxe4 f5 39.Bd5+ Kf8 40.Rd7 f4 41.Rf7+  1-0

[Event "Autumn Int"]
[Site "Tel Aviv"]
[Date "1998.12.11"]
[Round "6"]
[White "Royz, Michael"]
[Black "Botvinnik, Mikhail2"]
[Result "1/2-1/2"]
[WhiteElo "2355"]
[BlackElo "2205"]

1.Nf3 Nf6 2.d4 e6 3.c4 b6 4.g3 Ba6 5.Nbd2 Bb4 6.Qc2 Bb7 7.Bg2 Be4 8.Qb3 Bxd2+
9.Bxd2 O-O 10.O-O d6 11.Rfd1 Nbd7 12.Rac1 a5 13.Bg5 h6 14.Bxf6 Qxf6 15.Qe3 Bxf3
16.Qxf3 Qxf3 17.Bxf3 Rad8 18.Bc6 Nb8 19.Ba4 c6 20.d5 exd5 21.cxd5 b5 22.dxc6 bxa4
23.c7 Rc8 24.Rxd6 f6 25.Rc4 Rf7 26.Rd8+ Rf8 27.cxb8=Q Rxb8 28.Rd2 Rb4 29.Rxb4 axb4
30.Rd4 Rb8 31.a3 bxa3 32.bxa3 Ra8 33.e4 Kf7 34.Rd7+ Kg6 35.Kg2 h5 36.Rb7 Ra5
37.Rb4 Kf7 38.Rb7+ Kg6 39.f4 Kh6 40.Rb4 g5 41.Rb6 Kg7 42.e5 gxf4 43.exf6+ Kg6
44.gxf4 Rc5 45.Ra6 Rc2+ 46.Kh3 Rc3+ 47.Kh4 Rxa3 48.f5+ Kf7 49.Kg5 Ra2 50.Ra7+ Kf8
51.f7 Kg7 52.f8=Q+ Kxf8 53.h4 a3 54.Kxh5 Ra1 55.Kg6 a2 56.Kf6 Kg8 57.h5 Kh8
58.h6 Kg8 59.Rg7+ Kh8 60.Rg2 Kh7 61.Rh2 Kg8 62.Rb2 Kh7 63.Rg2 Kh8 64.Kg6 Kg8
65.h7+ Kh8 66.Kf6 Kxh7 67.Kf7 Kh6 68.Rh2+ Kg5 69.f6 Rb1 70.Rg2+ Kf5 71.Rf2+ Kg5  1/2-1/2

[Event "BL2-O9899"]
[Site "Germany"]
[Date "1998.12.13"]
[Round "3.8"]
[White "Eder, Patrick"]
[Black "Seuffert, Gabriel"]
[Result "0-1"]
[WhiteElo "2195"]
[BlackElo "2220"]

1.d4 Nf6 2.Nf3 e6 3.c4 b6 4.g3 Ba6 5.Qa4 c5 6.Bg2 Bb7 7.O-O cxd4 8.Nxd4 Bxg2
9.Kxg2 Qc7 10.f3 Be7 11.Rd1 a6 12.Nb5 Qc6 13.Nd6+ Kf8 14.Nc3 Ne8 15.Nxe8 Kxe8
16.Be3 Bd8 17.Rd2 Qxa4 18.Nxa4 b5 19.cxb5 axb5 20.Nc3 b4 21.Nb5 d5 22.Rc1 Na6
23.Rdc2 Kd7 24.Rc6 Ba5 25.Ba7 Nb8 26.Rd6+ Ke7 27.Bc5 Kf6 28.h4 Kg6 29.g4 h5
30.Bf2 Ra6 31.Rxa6 Nxa6 32.Nd4 Bc7 33.Rc6 Ra8 34.Nb5 Be5 35.Bd4 Bxd4 36.Nxd4 Ra7
37.a4 bxa3 38.bxa3 Nb8 39.Rc8 Nd7 40.Nb5 Ra5 41.Nd6 hxg4 42.fxg4 Ne5 43.h5+ Kf6
44.Ne8+ Kg5 45.Nxg7 Nxg4 46.Rc3 Kh6 47.Ne8 Kxh5 48.Nd6 Kg6 49.Nb7 Ra7 50.Nc5 e5
51.a4 Ra5 52.Kf3 d4 53.Rc4 Ne3 54.Rc1 Kf5 55.Kg3 Nd5 56.Kf3 Nc3 57.e4+ Kf6
58.Nd7+ Ke6 59.Nb6 Ra6  0-1

[Event "Gudmundur Arason op 4th"]
[Site "Hafnarfjordur"]
[Date "1998.12.19"]
[Round "6"]
[White "Blees, Albert"]
[Black "Einarsson, Bergsteinn"]
[Result "1/2-1/2"]
[WhiteElo "2430"]
[BlackElo "2210"]

1.d4 Nf6 2.c4 e6 3.Nf3 b6 4.g3 Ba6 5.Nbd2 d5 6.Ne5 c6 7.Bg2 Be7 8.O-O O-O
9.e4 Nfd7 10.exd5 Nxe5 11.dxe5 exd5 12.Qg4 Qd7 13.Qf4 dxc4 14.Nxc4 Qe6 15.b3 Nd7
16.Bb2 Nc5 17.Rfd1 Bxc4 18.bxc4 Rad8 19.Bc3 Na4 20.Bd4 Bb4 21.Be4 Nc3 22.Bxc3 Rxd1+
23.Rxd1 Bxc3 24.Qf3 Qxe5 25.Bxc6 Qf6 26.Qe4 Bb4 27.Rd3 Bc5 28.Rf3 Qe7 29.Qc2 g6
30.h4 Qe5 31.Bd5 Kg7 32.Qa4 a5 33.Qd7 Qe7 34.Qb5 Qe5 35.Kg2 h5 36.Rf4 Qe7
37.Qb2+ Kh7 38.Qc3 Kg8 39.Qd2 Kg7 40.Qc3+ Kg8 41.Rf6 Kh7 42.Rc6 Kh6 43.Qd2+ Kh7
44.Qf4 Kg7 45.a4 Rd8 46.Rc7 Rd7 47.Rxd7  1/2-1/2

[Event "Carlos Torre op 11th"]
[Site "Merida"]
[Date "1998.12.22"]
[Round "9"]
[White "Soto, Fidel"]
[Black "Blanco Fernandez, Alvaro"]
[Result "0-1"]
[WhiteElo "2170"]
[BlackElo "2345"]

1.d4 Nf6 2.c4 e6 3.Nf3 b6 4.g3 Ba6 5.b3 d5 6.cxd5 exd5 7.Bg2 Bb4+ 8.Bd2 Bd6
9.O-O O-O 10.Nc3 Nbd7 11.Bg5 c6 12.Rc1 Re8 13.Re1 h6 14.Bd2 Rc8 15.Nh4 Ne4
16.Nxe4 dxe4 17.Nf5 Ba3 18.Rc2 Bf8 19.Bc3 Nf6 20.Ne3 Nd5 21.Qd2 Nxc3 22.Qxc3 c5
23.d5 g6 24.Rd2 Bg7 25.Qc2 f5 26.Red1 Bd4 27.Nf1 Qf6 28.d6 Rcd8 29.d7 Re7
30.e3 Bc3 31.Rd6 Qg7 32.f4 Bf6 33.g4 Bd3 34.Qf2 fxg4 35.f5 Rexd7 36.Rxd7 Rxd7
37.Ng3 Re7 38.Qf4 Be5 39.Qxg4 Bxg3 40.hxg3 gxf5 41.Qxf5 Qxg3 42.Qd5+ Kh7
43.Qf5+ Qg6 44.Qh3 Rg7 45.Kh2 Qd6+ 46.Kh1  0-1

[Event "Groningen op"]
[Site "Groningen"]
[Date "1998.12.26"]
[Round "6"]
[White "Epishin, Vladimir"]
[Black "Van den Doel, Erik"]
[Result "1-0"]
[WhiteElo "2585"]
[BlackElo "2480"]

1.d4 Nf6 2.c4 e6 3.Nf3 b6 4.g3 Ba6 5.b3 Bb4+ 6.Bd2 Be7 7.Bg2 c6 8.Bc3 d5
9.Nbd2 Nbd7 10.O-O O-O 11.Re1 c5 12.e4 Nxe4 13.Nxe4 dxe4 14.Rxe4 Bb7 15.Re3 Bf6
16.dxc5 Bxc3 17.Rxc3 Nxc5 18.b4 Ne4 19.Re3 Qf6 20.Qd4 Rfd8 21.Qxf6 gxf6 22.Rae1 a5
23.Nh4 Nd6 24.c5 Bxg2 25.Kxg2 Nc4 26.Re4 b5 27.a4 f5 28.Rf4 Nb2 29.axb5 Nd3
30.Rb1 Nxf4+ 31.gxf4 axb4 32.c6 Rd4 33.b6 Rc4 34.c7 Re8 35.Nf3 f6 36.Nd2 Rc2
37.Rxb4 Kf7 38.Nc4 Rg8+ 39.Kf3 Rc3+ 40.Ke2  1-0

[Event "Ambassador op"]
[Site "Bern"]
[Date "1998.12.27"]
[Round "2"]
[White "Kiss, Pal"]
[Black "Meyer, Harvey"]
[Result "1-0"]
[WhiteElo "2435"]
[BlackElo "2145"]

1.d4 Nf6 2.c4 e6 3.Nf3 b6 4.g3 Ba6 5.b3 Bb4+ 6.Bd2 Be7 7.Bg2 c6 8.Bc3 d5
9.Nbd2 Nbd7 10.O-O O-O 11.Re1 Rc8 12.e4 dxe4 13.Nxe4 Nxe4 14.Rxe4 Bb7 15.Re3 Qc7
16.Qc2 Bf6 17.c5 Rfe8 18.b4 Ba6 19.Bd2 Red8 20.Rae1 Nf8 21.Ra3 Bb5 22.Bf4 Qd7
23.Bd6 Ng6 24.Rc3 Ne7 25.a4 Ba6 26.Ne5 Bxe5 27.dxe5 Nd5 28.Rb3 Re8 29.Qe4 Ra8
30.g4 g6 31.g5 Qd8 32.Qg4 Kg7 33.h4 Bc8 34.h5 Rg8 35.Rh3 Kh8 36.Be4 Qe8 37.hxg6 fxg6
38.Rxh7+ Kxh7 39.Qh4+ Kg7 40.Qh6+ Kf7 41.Qh7+  1-0

[Event "Groningen op"]
[Site "Groningen"]
[Date "1998.12.27"]
[Round "7"]
[White "Khurtsidze, Nino"]
[Black "Evseev, Denis"]
[Result "0-1"]
[WhiteElo "2375"]
[BlackElo "2470"]

1.d4 Nf6 2.Nf3 e6 3.c4 b6 4.g3 Ba6 5.Qc2 Bb7 6.Nc3 Bb4 7.Bg2 Be4 8.Qb3 Bxc3+
9.Qxc3 O-O 10.O-O d6 11.Rd1 Nbd7 12.b3 Qe7 13.Bb2 a5 14.Bh3 a4 15.Nd2 Bb7
16.b4 b5 17.cxb5 Nd5 18.Qc1 f5 19.a3 N7f6 20.Bg2 Qe8 21.Qc4 Qh5 22.Qd3 f4
23.h3 Rf7 24.e4 fxe3 25.fxe3 Qg5 26.Nf1 Raf8 27.Rac1 Nh5 28.e4 Rf2 29.Rc2 Ndf4
30.Rxf2 Nxd3 31.Rxf8+ Kxf8 32.Rxd3 Nf6 33.d5 exd5 34.exd5 Nxd5 35.h4 Qh5
36.g4 Qxg4 37.Rg3 Qe2 38.Bxg7+ Kf7 39.Bd4 Qxb5 40.Rg7+ Kf8 41.Ng3 Qd3  0-1

[Event "Groningen op"]
[Site "Groningen"]
[Date "1998.12.28"]
[Round "8"]
[White "Sturua, Zurab"]
[Black "Epishin, Vladimir"]
[Result "0-1"]
[WhiteElo "2600"]
[BlackElo "2585"]

1.d4 Nf6 2.c4 e6 3.Nf3 b6 4.g3 Ba6 5.b3 Bb4+ 6.Bd2 Be7 7.Nc3 O-O 8.e4 d5
9.cxd5 Bxf1 10.Kxf1 exd5 11.e5 Ne4 12.Kg2 Nxc3 13.Bxc3 Nc6 14.Re1 Qd7 15.Rc1 Nd8
16.Ng1 f5 17.exf6 Bxf6 18.Bb4 c5 19.dxc5 Nc6 20.Ba3 b5 21.Rc2 Qf5 22.Rce2 Bc3
23.Rf1 d4 24.Qb1 d3 25.Re3 Qd5+ 26.f3 Ne5 27.Rd1 b4 28.Bc1 Rad8 29.Bd2 Ng4
30.Re4 Rxf3 31.Nxf3 Qxe4 32.Re1 Qd5  0-1

[Event "Ambassador op"]
[Site "Bern"]
[Date "1998.12.29"]
[Round "6"]
[White "Kiss, Pal"]
[Black "Huss, Andreas"]
[Result "1/2-1/2"]
[WhiteElo "2435"]
[BlackElo "2355"]

1.d4 e6 2.c4 Nf6 3.Nf3 b6 4.g3 Ba6 5.b3 Bb4+ 6.Bd2 Be7 7.Bg2 c6 8.Bc3 d5
9.Nbd2 Nbd7 10.O-O O-O 11.Re1 Bb7 12.e4 dxe4 13.Nxe4 c5 14.Nfg5 cxd4 15.Bxd4 Nxe4
16.Bxe4 Bxe4 17.Nxe4 Nc5 18.Nxc5 Bxc5 19.Bc3 Qxd1 20.Rexd1 Rfd8 21.Kf1 f6
22.Ke2 Kf7 23.Rxd8 Rxd8 24.b4 Be7 25.a4 e5 26.a5 e4 27.axb6 axb6 28.Bd2 Rc8
29.Rc1 f5 30.h4 g6 31.Be3 Bxb4 32.Bxb6 Ke6 33.c5 Kd5 34.Rd1+ Ke6 35.Rd6+ Ke7
36.Rd5 Ke6 37.Rd6+ Ke7  1/2-1/2

[Event "AUT-chT2W 9798"]
[Site "Austria"]
[Date "1998.??.??"]
[Round "8"]
[White "Hertneck, Gerald"]
[Black "Novkovic, Milan"]
[Result "1-0"]
[WhiteElo "2525"]
[BlackElo "2400"]

1.d4 Nf6 2.c4 e6 3.Nf3 b6 4.g3 Ba6 5.Nbd2 c5 6.Bg2 Bb7 7.e3 Be7 8.b3 O-O
9.Bb2 d5 10.O-O Nbd7 11.Qe2 Rc8 12.Rfd1 Rc7 13.cxd5 exd5 14.Ne5 Re8 15.Rac1 Bd6
16.Nxd7 Rxd7 17.Qd3 Qe7 18.dxc5 Bxc5 19.Bxf6 Qxf6 20.Ne4 Qe7 21.Nxc5 bxc5
22.Qb5 d4 23.Bxb7 Rxb7 24.Qxc5 dxe3 25.Qxe3 Qxe3 26.fxe3 h5 27.Kf2 Re5 28.Rc4 Rbe7
29.Rd3 Ra5 30.a4 g6 31.Ke2 Kg7 32.Kd2 Kf6 33.Rd6+ Kg5 34.h4+ Kh6 35.e4 Kg7
36.Kd3 f5 37.Rcc6 fxe4+ 38.Kd4 Rae5 39.Rxg6+ Kf7 40.Rcf6+ Ke8 41.Ke3 Rd5
42.Rd6 Rxd6 43.Rxd6 Rg7 44.Kf2 Rf7+ 45.Kg2 Rb7 46.Rh6 Rxb3 47.Rxh5 Rb2+ 48.Kh3 Kf8
49.Re5 Re2 50.Kg4 Kf7 51.Kf4  1-0

[Event "Bayern-ch Bank Hofmann 2nd"]
[Site "Bad Wiesse"]
[Date "1998.??.??"]
[Round "4"]
[White "Krueger, Rainer"]
[Black "Sturua, Zurab"]
[Result "0-1"]
[WhiteElo "2250"]
[BlackElo "2600"]

1.d4 Nf6 2.Nf3 e6 3.c4 b6 4.g3 Ba6 5.b3 Bb7 6.Bg2 Bb4+ 7.Bd2 a5 8.O-O O-O
9.Bg5 a4 10.a3 axb3 11.Qxb3 Be7 12.Nbd2 d6 13.Rfc1 Nbd7 14.a4 Ra7 15.Ra2 Qa8
16.Rca1 h6 17.Be3 Ng4 18.Bh3 Nxe3 19.Qxe3 Bf6 20.Nb3 c5 21.Rd1 Rxa4 22.Rad2 Ra3
23.d5 exd5 24.Bxd7 d4 25.Qf4 Rxb3 26.Bf5 Bxf3 27.Bc2 Bg5 28.Qf5 g6 29.Qh3 Rc3
30.exf3 Bxd2 31.Rxd2 Qxf3 32.Qxh6 Rxc2  0-1

[Event "Landesliga Nord9798"]
[Site "Bayern"]
[Date "1998.??.??"]
[Round "?"]
[White "Rohrbach, Frank"]
[Black "Stoessel, Horst"]
[Result "1/2-1/2"]
[WhiteElo "2025"]
[BlackElo "1975"]

1.d4 Nf6 2.c4 e6 3.Nf3 b6 4.g3 Ba6 5.b3 Bb7 6.Bg2 Bb4+ 7.Bd2 Bxd2+ 8.Qxd2 Qe7
9.Nc3 d6 10.O-O Ne4 11.Nxe4 Bxe4 12.c5 O-O 13.Rac1 Na6 14.Qf4 f5 15.cxd6 cxd6
16.Nd2  1/2-1/2

[Event "Beersheba-St Petersburg"]
[Site "Beersheba"]
[Date "1998.??.??"]
[Round "7"]
[White "Avrukh, Boris"]
[Black "Aseev, Konstantin N"]
[Result "1-0"]
[WhiteElo "2525"]
[BlackElo "2565"]

1.d4 Nf6 2.c4 e6 3.Nf3 b6 4.g3 Ba6 5.b3 Bb4+ 6.Bd2 Be7 7.Bg2 Bb7 8.Nc3 d5
9.cxd5 exd5 10.O-O O-O 11.Qc2 Na6 12.Rad1 Re8 13.Ne5 h6 14.Bf4 Qc8 15.Qb2 Qe6
16.Nd3 Ne4 17.b4 c6 18.a4 Rac8 19.Rc1 g5 20.b5 Nxc3 21.Rxc3 gxf4 22.bxa6 Bxa6
23.Nxf4 Qd6 24.Bh3 Rc7 25.Re3 Bc8 26.Bxc8 Rcxc8 27.Re5 Qb4 28.Qc2 Qxd4 29.Qf5 Bg5
30.Nd3 Kg7 31.e3 Qxa4 32.h4 Bf6 33.Rxe8 Rxe8 34.Nf4 Be5 35.Qg4+ Kh7 36.Qd7 Bxf4  1-0

[Event "Beersheba-St Petersburg"]
[Site "Beersheba"]
[Date "1998.??.??"]
[Round "9"]
[White "Huzman, Alexander"]
[Black "Aseev, Konstantin N"]
[Result "1/2-1/2"]
[WhiteElo "2610"]
[BlackElo "2565"]

1.Nf3 Nf6 2.c4 e6 3.d4 b6 4.g3 Ba6 5.b3 Bb4+ 6.Bd2 Be7 7.Bg2 O-O 8.O-O d5
9.cxd5 exd5 10.Nc3 Bb7 11.Rc1 Nbd7 12.Bf4 Nh5 13.Qc2 Nxf4 14.gxf4 Nf6 15.Ne5 a6
16.e3  1/2-1/2